[Event "II Brazil Maringa Open"]
[Site "Maringa BRA"]
[Date "2012.08.12"]
[Round "9.15"]
[White "Guimaraes,Artemis Pamela"]
[Black "Martins,Ca1"]
[Result "0-1"]
[WhiteElo "1996"]
[BlackElo "2250"]

1.e4 c5 2.Nf3 e6 3.d4 cxd4 4.Nxd4 Nc6 5.Nc3 Qc7 6.Be2 Nf6 7.O-O Nxd4 8.Qxd4 Bc5
9.Qd3 a6 10.a4 b6 11.Bg5 Bb7 12.Kh1 h5 13.Bh4 O-O-O 14.Bg3 Qc6 15.Bf3 h4
16.Bf4 h3 17.e5 hxg2+ 18.Kxg2 Nh5 19.Bxc6 Nxf4+ 20.Kg3 Nxd3 21.Bxb7+ Kxb7
22.cxd3 Rh5 23.Rad1 Rxe5 24.d4 Rg5+ 25.Kf4 Be7 26.Ne4 Rh5 27.Rg1 d5 28.Nc3 g5+
29.Kg3 Bd6+ 30.Kg4 Rdh8 31.Rg2 Rh3 32.Rg3 Rxh2 33.Kf3 Bxg3 34.fxg3 Rxb2 35.Rd3 f5
36.Re3 Rh6 37.Ne2 Kc6 38.Rc3+ Kd6 39.Nc1 Rh1 40.Nd3 Rf1+ 41.Ke3 g4 42.Nxb2 Rf3+
43.Kd2 Rxc3 44.Kxc3 f4 45.Nd3 fxg3 46.Nf4 e5 47.Ng2 Ke6 48.Kd3 b5 49.axb5 axb5
50.Ne3 b4 51.dxe5 b3 52.Ng2 d4 53.Kd2 Kxe5 54.Ne1 Ke4 55.Ng2 d3 56.Kc3 b2
57.Kxb2 Kf3 58.Nh4+ Ke2 59.Ng2 d2 60.Nf4+ Kf3  0-1

[Event "II Brazil Maringa Open"]
[Site "Maringa BRA"]
[Date "2012.08.12"]
[Round "9.22"]
[White "Calcado,A"]
[Black "Santos,Emanuel Valentin Dos"]
[Result "1-0"]
[WhiteElo "2165"]
[BlackElo "1888"]

1.e4 c5 2.Nf3 Nc6 3.d4 cxd4 4.Nxd4 e6 5.Nc3 Qc7 6.Be3 a6 7.Qd2 Nf6 8.f3 Be7
9.O-O-O O-O 10.g4 b5 11.h4 Bb7 12.h5 Rac8 13.g5 b4 14.Nce2 Ne8 15.g6 Ne5
16.Ng1 fxg6 17.hxg6 Nxg6 18.Bd3 a5 19.Kb1 a4 20.Qg2 Nf6 21.Nge2 Rf7 22.Rxh7 Nxh7
23.Qxg6 Nf6 24.Bf4 e5 25.Nf5 exf4 26.Nh6+ Kh8 27.Nxf7+  1-0

[Event "TCh-ESP CECLUB 2a Gp1 2012"]
[Site "Padron ESP"]
[Date "2012.08.12"]
[Round "6.3"]
[White "Fernandez Losada,D"]
[Black "Lopez Gracia,F"]
[Result "0-1"]
[WhiteElo "2170"]
[BlackElo "2374"]

1.e4 c5 2.Nf3 e6 3.d4 cxd4 4.Nxd4 Nc6 5.Nc3 a6 6.Be3 Nf6 7.Bd3 d5 8.exd5 exd5
9.O-O Be7 10.Na4 O-O 11.Re1 Re8 12.h3 Bd7 13.Nxc6 Bxc6 14.Nb6 Rb8 15.Bd4 Bd6
16.Rxe8+ Nxe8 17.a4 Nc7 18.Qg4 Ne6 19.Re1 Nxd4 20.Qxd4 g6 21.b4 Bc7 22.a5 Bd6
23.Rd1 Qe7 24.b5 Be5 25.Qa4 Be8 26.Nxd5 Qc5 27.Qe4 Bg7 28.bxa6 bxa6 29.Bxa6 Qxa5
30.Bc4 Qc5 31.Bb3 Kh8 32.Re1 Bd4 33.Qf4 Rd8 34.Nf6 Bc6 35.Qh4 h5 36.Ne4 Qa5
37.c3 Bxe4 38.Rxe4 Bxc3 39.Qf4 Bg7 40.Qxf7 Qa1+ 41.Kh2 Qf6 42.Qa7 Rf8 43.Re6 Qf4+
44.Kg1 Bd4 45.Qa2 Bxf2+ 46.Kf1 Bc5+ 47.Ke2 Qf2+ 48.Kd3 Qd4+  0-1

[Event "Stare Mesto Open 2012"]
[Site "Stare Mesto CZE"]
[Date "2012.08.12"]
[Round "3.9"]
[White "Sulek,V"]
[Black "Simantsev,M"]
[Result "0-1"]
[WhiteElo "2039"]
[BlackElo "2526"]

1.e4 c5 2.Nf3 e6 3.d4 cxd4 4.Nxd4 Nc6 5.Nc3 Qc7 6.g3 a6 7.Bg2 d6 8.O-O Bd7
9.Re1 Be7 10.Be3 Nf6 11.h3 O-O 12.g4 h6 13.Nde2 b5 14.Ng3 Rac8 15.Nce2 Na5
16.c3 Nc4 17.Bc1 Bc6 18.Nd4 Bb7 19.h4 Nh7 20.Nf3 Rfd8 21.Qe2 d5 22.g5 hxg5
23.Nxg5 Nxg5 24.hxg5 g6 25.a4 b4 26.cxb4 Bxb4 27.Rd1 d4 28.f4 Ne3 29.Rxd4 Rxd4
30.Bxe3 Rc4 31.Rf1 Rc2 32.Qg4 Bc5 33.Bxc5 Qxc5+ 34.Kh1 Rxb2 35.Nh5 gxh5 36.Qxh5 Rxg2  0-1

[Event "Stare Mesto Open 2012"]
[Site "Stare Mesto CZE"]
[Date "2012.08.12"]
[Round "4.2"]
[White "Jasny,S"]
[Black "Zilka,S"]
[Result "0-1"]
[WhiteElo "2308"]
[BlackElo "2517"]

1.e4 c5 2.Nf3 e6 3.d4 cxd4 4.Nxd4 Nc6 5.Nc3 Qc7 6.Be2 a6 7.Be3 Nf6 8.a3 b5
9.Nxc6 dxc6 10.f4 Bb7 11.O-O Be7 12.e5 Rd8 13.Qe1 Nd7 14.Qg3 O-O 15.Ne4 c5
16.Bf3 Bd5 17.Rae1 Kh8 18.Kh1 Qc6 19.Bc1 c4 20.Ng5 Bxf3 21.Rxf3 Nc5 22.Qh4 h6
23.Qh5 Kg8 24.Rh3 Rd7 25.Be3 c3 26.Bxc5 cxb2 27.Qg4 Bxg5 28.fxg5 Qxc5 29.gxh6 Qxe5
30.Qh4 Qxe1+ 31.Qxe1 Rfd8 32.Rd3 Rxd3 33.cxd3 Rc8 34.h7+ Kh8  0-1

[Event "FSFMA1 August 2012"]
[Site "Budapest HUN"]
[Date "2012.08.13"]
[Round "10.1"]
[White "Mayer,I"]
[Black "Hecht,C"]
[Result "1/2-1/2"]
[WhiteElo "2085"]
[BlackElo "2064"]

1.e4 c5 2.Nf3 e6 3.d4 cxd4 4.Nxd4 Nc6 5.Nc3 Qc7 6.g3 a6 7.Bg2 Nf6 8.O-O Be7
9.Kh1 d6 10.f4 Bd7 11.Be3 O-O 12.Nb3 b5 13.a3 Rac8 14.g4 b4  1/2-1/2

[Event "XIII Miquel Mas Open"]
[Site "Figueres ESP"]
[Date "2012.08.13"]
[Round "6.7"]
[White "Dourerassou,J"]
[Black "Cuadras Avellana,Jo"]
[Result "0-1"]
[WhiteElo "2460"]
[BlackElo "2344"]

1.e4 c5 2.Nf3 e6 3.d4 cxd4 4.Nxd4 Nc6 5.Nc3 d6 6.g3 a6 7.Bg2 Bd7 8.O-O Nf6
9.Nce2 Rc8 10.b3 Be7 11.c4 O-O 12.a4 Qc7 13.Ba3 Rfd8 14.Rc1 Qb8 15.Qd2 Bf8
16.Bb2 Be7 17.Rfe1 h6 18.Nxc6 bxc6 19.Qc3 c5 20.Nf4 e5 21.Nd5 Nxd5 22.exd5 Bf6
23.Be4 Rc7 24.Ba1 Qc8 25.Qa5 Rb7 26.Qc3 Bf5 27.Qf3 Bg6 28.Rc3 Qh3 29.Bb2 Bg5
30.Qd1 Bxe4 31.Rxe4 Qf5 32.Re1 Rdb8 33.Kg2 Qg6 34.h3 f5 35.Qc2 e4 36.Rd1 Bf6
37.Rb1 f4 38.g4 h5 39.Qd1 f3+ 40.Kh1 Bxc3 41.Bxc3 hxg4 42.Qg1 e3 43.Re1 e2
44.Qg3 Rxb3 45.Ba5 Rb1 46.Kh2 Qh5 47.h4 Qe5 48.h5 Qxh5+ 49.Kg1 Rxe1+ 50.Bxe1 Rb1
51.a5 Rxe1+  0-1

[Event "Miguel Najdorf Open A"]
[Site "Warsaw POL"]
[Date "2012.08.13"]
[Round "8.8"]
[White "Zochowski,K"]
[Black "Adamski,J"]
[Result "1/2-1/2"]
[WhiteElo "2073"]
[BlackElo "2322"]

1.e4 c5 2.Nf3 e6 3.d4 cxd4 4.Nxd4 Nc6 5.Nc3 Qc7 6.g3 a6 7.Bg2 d6 8.O-O Be7
9.a4 Nf6 10.Be3 O-O 11.Qe2 Bd7 12.Rad1 Nxd4 13.Bxd4 e5 14.Be3 Be6 15.Rfe1 Rac8
16.Bg5 Ng4 17.Bxe7 Qxe7 18.Qd2 Rfd8 19.Bh3 Nf6 20.Nd5 Nxd5 21.Bxe6 Qxe6 22.exd5 Qf5
23.c3 b5 24.axb5 axb5 25.Qe3 h6 26.Ra1 Rc5 27.Red1 Qd7 28.f4 exf4 29.Qxf4 Re8
30.Rd2 Re5 31.Qf3 Qb7 32.Rad1 b4 33.Qd3 bxc3 34.bxc3 Qe7 35.Ra2 f5 36.Rf2 g6
37.c4 Re3 38.Qc2 Re4 39.Rc1 Qe5 40.Qb3 Qe7 41.Kf1 Kh7 42.Ra2 Qc7 43.Ra4 h5
44.Rb4 Qe7 45.Qb2 f4 46.Rb8 Qg7 47.Rb7 Rc7 48.Qxg7+ Rxg7 49.Rxg7+ Kxg7 50.c5  1/2-1/2

[Event "XIII Miquel Mas Open"]
[Site "Figueres ESP"]
[Date "2012.08.14"]
[Round "7.5"]
[White "Das,Arg"]
[Black "Aroshidze,L"]
[Result "1/2-1/2"]
[WhiteElo "2479"]
[BlackElo "2568"]

1.e4 c5 2.Nf3 e6 3.d4 cxd4 4.Nxd4 Nc6 5.Nc3 Qc7 6.Be3 a6 7.Qd2 Nf6 8.O-O-O Bb4
9.f3 Ne5 10.Nb3 b5 11.Qe1 Rb8 12.Qg3 O-O 13.Bd4 Bd6 14.f4 Nh5 15.fxe5 Nxg3
16.exd6 Qxd6 17.hxg3 Qxg3 18.Rh3 Qg5+ 19.Be3 Qg6 20.e5 h6 21.Nc5 Bb7 22.Nxb7 Rxb7
23.Bd3 Qxg2 24.Rhh1 f5 25.exf6 Rxf6 26.Ne4 Rf3 27.Bd4 Rxd3 28.cxd3 Rc7+ 29.Kb1 Qc2+
30.Ka1 d5 31.Nd6 Qc6 32.Be5 Rd7 33.Rdg1 Kf8 34.Rf1+ Kg8 35.Rfg1 Kf8 36.Rf1+ Kg8  1/2-1/2

[Event "16th Izmailov Mem"]
[Site "Tomsk RUS"]
[Date "2012.08.14"]
[Round "8.3"]
[White "Karimov,I"]
[Black "Bocharov,D"]
[Result "1/2-1/2"]
[WhiteElo "2347"]
[BlackElo "2597"]

1.e4 c5 2.Nf3 e6 3.d4 cxd4 4.Nxd4 Nc6 5.Nc3 Qc7 6.Be3 a6 7.Bd3 Nf6 8.O-O b5
9.Qe2 Bb7 10.Kh1 h5 11.Nxc6 Ng4 12.Ne5 Nxe3 13.Qxe3 Qxe5 14.f4 Qc5 15.Qxc5 Bxc5
16.e5 Be7 17.Be4 Bxe4 18.Nxe4 Rc8 19.c3 f5 20.Nf2 Rc4 21.Nh3 Kf7 22.Rad1 Rd8
23.g3 a5 24.a3 Ke8 25.Rd3 Rb8 26.Rfd1 Rb7 27.Kg2 b4 28.axb4 axb4 29.cxb4 Bxb4
30.Rb3 Rb6 31.Ng5 Bc5 32.Rxb6 Bxb6 33.Ra1 Rc2+ 34.Kh3 Rxb2 35.Ra8+ Bd8 36.Nf3 Rb4
37.Rc8 Ke7 38.Ra8 Rb3 39.Nd4 Rb2 40.Nf3 Bc7 41.Ng5 Bb8 42.Ra6 Rb4 43.Ra3 h4
44.Rc3 hxg3 45.hxg3 Rb5 46.Rc8 Bxe5 47.fxe5 Rxe5 48.Kg2 Re2+ 49.Kf1 Ra2 50.Nf3 Ra5
51.Ke2 d6 52.Nd4 Ra2+ 53.Ke3 Ra3+ 54.Kf2 Rd3 55.Rc7+ Kf6 56.Nxe6 Kxe6 57.Rxg7 Ra3
58.Rg8 Ra5 59.Ke3 Re5+ 60.Kf3 Kd5 61.Rf8 Ke6 62.Re8+ Kd7 63.Rh8 Ra5 64.Kf4 Ke6  1/2-1/2

[Event "XIII Miquel Mas Open"]
[Site "Figueres ESP"]
[Date "2012.08.15"]
[Round "8.4"]
[White "Aroshidze,L"]
[Black "Cuadras Avellana,Jo"]
[Result "1-0"]
[WhiteElo "2568"]
[BlackElo "2344"]

1.e4 c5 2.Nf3 e6 3.d4 cxd4 4.Nxd4 Nc6 5.Nc3 d6 6.Be3 Nf6 7.Qd2 Be7 8.f3 O-O
9.g4 a6 10.O-O-O Nxd4 11.Bxd4 Nd7 12.h4 b5 13.g5 b4 14.Na4 Bb7 15.b3 Bc6
16.Nb2 a5 17.Kb1 d5 18.exd5 Bxd5 19.Qe3 Qc7 20.Bc4 Bxc4 21.Nxc4 Nc5 22.h5 Na4
23.g6 Nc3+ 24.Bxc3 bxc3 25.gxf7+ Rxf7 26.Qxe6 Qc8 27.Rd7 Ra6 28.Nd6 Rxd6
29.Rxd6 Qc5 30.Rc6 Qb4 31.Rc4 Qb5 32.Rc8+ Bf8 33.Rd1 Qg5 34.Rxf8+ Kxf8 35.Qc8+  1-0

[Event "Husek Vienna Open A"]
[Site "Vienna AUT"]
[Date "2012.08.15"]
[Round "3"]
[White "Vasilescu,Vic"]
[Black "Dimitrijevic,R"]
[Result "0-1"]
[WhiteElo "2085"]
[BlackElo "2262"]

1.e4 c5 2.Nf3 Nc6 3.d4 cxd4 4.Nxd4 e6 5.Nc3 d6 6.Be3 Nf6 7.f3 Be7 8.Qd2 O-O
9.g4 d5 10.g5 Nh5 11.exd5 exd5 12.f4 Nxd4 13.Qxd4 b6 14.O-O-O Bb7 15.Bg2 Bc5
16.Qd2 Qc7 17.Bxc5 Qxc5 18.Qd4 Qc7 19.Nxd5 Bxd5 20.Bxd5 Nxf4 21.Qf2 Nxd5
22.Rxd5 Qc4 23.Rd3 Qxa2 24.Ra3 Qd5 25.Rg1 b5 26.Qh4 Rac8 27.Rd1 Qf5 28.c3 Rc4
29.Qg3 Rg4 30.Qd6 Rg2 31.Qd3 Qxg5+ 32.Kb1 Rxh2 33.Rxa7 Qg2 34.Ra2 h5 35.Qd5 Qxd5
36.Rxd5 Re8 37.Ra5 h4 38.Raxb5 h3 39.Rd1 Rg2 40.Rh5 h2 41.Kc1 Ra8 42.Kb1 Rg1
43.Kc2 Rxd1 44.Kxd1 h1=Q+  0-1

[Event "Prva liga RS seniori 2012"]
[Site "Banja Vrucica SRB"]
[Date "2012.08.16"]
[Round "6"]
[White "Nestorovic,L"]
[Black "Arsovic,Z"]
[Result "1/2-1/2"]
[WhiteElo "2383"]
[BlackElo "2439"]

1.e4 c5 2.Nf3 e6 3.d4 cxd4 4.Nxd4 Nc6 5.Nc3 Qc7 6.Be3 Nf6 7.Qd2 Nxd4 8.Bxd4 e5
9.Be3 Bb4 10.Bd3 d6 11.O-O Bxc3 12.bxc3 O-O 13.Bg5 Nd7 14.Kh1 Nb6 15.f4 f6
16.Bh4 Be6 17.Bf2 Na4 18.c4 Nb2 19.fxe5 dxe5 20.c5 b6 21.cxb6 axb6 22.Qb4 Nxd3
23.cxd3 Rxa2 24.Qxb6 Qxb6 25.Bxb6 Rb8 26.Rxa2 Bxa2 27.Bg1 Bb1 28.d4 exd4
29.Bxd4 Bxe4 30.h4 Rb4 31.Bf2 Kf7 32.Bg3 Ke6 33.Kh2 Rc4 34.Rf2 h6 35.Rd2 g5
36.hxg5 hxg5 37.Bf2 f5 38.Be3 Kf6 39.g3 Kg6 40.Rd8 Rc2+ 41.Bd2 Rb2 42.Kg1 Kh5
43.Kf2 Kg4 44.Rd7 Rb3 45.Rg7 Rf3+ 46.Ke1 Kxg3 47.Rxg5+ Kh4 48.Rg1 Bd3 49.Bg5+ Kh3
50.Kd2 Bf1 51.Bf6 Bg2 52.Rc1 Kg4 53.Rc4+ Kh5 54.Be5 Ra3 55.Rc3 Ra5 56.Bc7 Ra2+
57.Rc2 Ra4 58.Ke3 Be4 59.Rc1 Kg6 60.Bd6 Kf6 61.Bf8 Ra8 62.Bc5 Ke5 63.Bd4+ Ke6
64.Bc5 Kd5 65.Bb4 Rg8 66.Be1 Rh8 67.Bg3 Rh3 68.Kf4  1/2-1/2

[Event "46th Mislata Magistral"]
[Site "Mislata ESP"]
[Date "2012.08.16"]
[Round "6.1"]
[White "Palencia,W"]
[Black "Ballester Llagaria,L"]
[Result "1-0"]
[WhiteElo "2289"]
[BlackElo "2203"]

1.e4 c5 2.Nf3 e6 3.d4 cxd4 4.Nxd4 Nc6 5.Nc3 Qc7 6.Nb3 a6 7.f4 b5 8.a3 Bb7
9.Bd3 d6 10.Be3 Nf6 11.Qf3 g6 12.Qh3 Bg7 13.g4 h5 14.g5 Ng4 15.Bd2 Nd4 16.Nxd4 Bxd4
17.Rf1 Qb6 18.Nd1 Rc8 19.c3 Bg1 20.Qg2 Bxh2 21.Rh1 d5 22.Rxh2 dxe4 23.Qxg4 hxg4
24.Rxh8+ Ke7 25.Be3 Qc7 26.Rxc8 Qxc8 27.Bf1 g3 28.Rc1 Qh8 29.Bg2 Bd5 30.Rc2 Qh4
31.Rd2 Ke8 32.c4 Bxc4 33.Nc3 Bd3 34.b4 Qh8 35.Nxe4 Qa1+ 36.Rd1 Qxa3 37.Bc5 f5
38.gxf6 Bxe4 39.Bxe4 Qc3+ 40.Rd2 Qxf6 41.Bd6 Kf7 42.Be5 Qh4 43.Kd1 g5 44.Rd7+ Ke8
45.Bc6 Qg4+ 46.Kc2 g2 47.Rd2+ Kf7 48.Rxg2 Qf5+ 49.Kc3 gxf4 50.Kd4 Qb1 51.Kc5 Qc1+
52.Kd6 Qe1 53.Rg7+ Kf8 54.Kxe6 Qxb4 55.Bd5 Qc5 56.Rc7 Qb6+ 57.Bc6 Kg8 58.Rc8+ Kh7
59.Kf5  1-0

[Event "87th ch-FRA 2012"]
[Site "Pau FRA"]
[Date "2012.08.16"]
[Round "4"]
[White "Lagarde,Max"]
[Black "Mullon,J"]
[Result "1-0"]
[WhiteElo "2505"]
[BlackElo "2404"]

1.e4 c5 2.Nf3 e6 3.d4 cxd4 4.Nxd4 Nc6 5.Nc3 d6 6.Bc4 Nf6 7.Be3 Be7 8.Qe2 Bd7
9.O-O-O Rc8 10.f3 Na5 11.Bb3 a6 12.g4 b5 13.Kb1 b4 14.Na4 Nxb3 15.cxb3 Qa5
16.h4 O-O 17.h5 Bb5 18.Qg2 Nd7 19.g5 Bxa4 20.bxa4 Ne5 21.f4 Nc4 22.Bc1 Rfe8
23.f5 Qe5 24.f6 Bf8 25.g6 d5 26.fxg7 Bxg7 27.gxf7+ Kxf7 28.Rhf1+ Ke7 29.Bg5+  1-0

[Event "LBV Open A 2012"]
[Site "Roosendaal NED"]
[Date "2012.08.16"]
[Round "1.17"]
[White "Kleijn,C"]
[Black "Losekoot,P"]
[Result "1-0"]
[WhiteElo "2418"]
[BlackElo "2089"]

1.e4 c5 2.Nf3 e6 3.d4 cxd4 4.Nxd4 Nc6 5.Nc3 Qc7 6.Be3 a6 7.Be2 Nf6 8.O-O Be7
9.f4 d6 10.Kh1 O-O 11.a4 Nd7 12.Qe1 Re8 13.f5 Bf6 14.Rd1 Nxd4 15.Bxd4 Bxd4
16.Rxd4 Ne5 17.Qg3 Kh8 18.Qf4 Qb6 19.Qd2 Rd8 20.f6 gxf6 21.Rxf6 Bd7 22.Rxd6 Bc6
23.Rxd8+ Rxd8 24.Qg5 Qd4 25.Rf1 Rd7 26.h4 Bxe4 27.Rd1 Qxd1+ 28.Bxd1 Nc6 29.Nxe4 Rxd1+
30.Kh2  1-0

[Event "2nd Metropolitan International"]
[Site "Los Angeles USA"]
[Date "2012.08.17"]
[Round "7"]
[White "Vibbert,Sean"]
[Black "Beilin,Allan"]
[Result "1-0"]
[WhiteElo "2240"]
[BlackElo "1988"]

1.e4 c5 2.Nf3 e6 3.d4 cxd4 4.Nxd4 Nc6 5.Nc3 Qc7 6.g3 a6 7.Bg2 d6 8.O-O Nf6
9.Be3 Be7 10.h3 O-O 11.a4 Bd7 12.g4 Rfd8 13.g5 Ne8 14.f4 Bf8 15.Nb3 b6 16.Qf3 g6
17.Qf2 Rab8 18.f5 Ne5 19.a5 bxa5 20.fxg6 hxg6 21.Rxa5 Bc8 22.Ra2 Bg7 23.Bd4 Nc6
24.Bxg7 Nxg7 25.Kh1 Ne5 26.Nd2 Nh5 27.Bf3 Nxf3 28.Nxf3 Rb4 29.Qe1 Qb7 30.Kh2 Rxb2
31.Rxb2 Qxb2 32.Qd2 Qb6 33.Rb1 Qc7 34.Qd4 Bb7 35.Rb3 Bc6 36.Ne1 Qa5 37.h4 Qe5+
38.Qxe5 dxe5 39.Nd3 f5 40.Nxe5 Bxe4 41.Nxe4 fxe4 42.Nxg6 Rd2+ 43.Kh3 Kg7
44.Ne5 Nf4+ 45.Kg4 Nd5 46.Rb7+ Kf8 47.Ng6+ Ke8 48.c4 e3 49.cxd5 e2 50.Re7+ Kd8
51.Rxe6 Rd4+ 52.Kh5 Rxd5 53.Rxe2  1-0

[Event "EY Boys U16 2012"]
[Site "Prague CZE"]
[Date "2012.08.17"]
[Round "1.8"]
[White "Hrdina,R"]
[Black "Sanzhaev,D"]
[Result "0-1"]
[WhiteElo "2024"]
[BlackElo "2335"]

1.e4 c5 2.Nf3 e6 3.d4 cxd4 4.Nxd4 Nc6 5.Nc3 Qc7 6.Be3 a6 7.Be2 Nf6 8.O-O Be7
9.Kh1 O-O 10.f4 d6 11.Bf3 Rd8 12.Qe1 Nxd4 13.Bxd4 e5 14.Be3 exf4 15.Bxf4 Be6
16.Nd5 Bxd5 17.exd5 Re8 18.c3 Nd7 19.Qf2 Bf8 20.a3 g6 21.Rae1 Bg7 22.g4 Ne5
23.Bxe5 Rxe5 24.Rxe5 Bxe5 25.Be4 b5 26.Bd3 Rb8 27.Qf3 a5 28.Rf2 Rb7 29.h4 Qe7
30.g5 b4 31.axb4 axb4 32.c4 b3 33.Re2 Rb4 34.Qg4 Qb7 35.Qe4 Ra4 36.h5 Ra1+
37.Bb1 Qa7 38.Kg2 Qe7 39.hxg6 Qxg5+ 40.Kf1 hxg6  0-1

[Event "EY Boys U14 2012"]
[Site "Prague CZE"]
[Date "2012.08.17"]
[Round "1.37"]
[White "Foniak,Ivan"]
[Black "Ramacker,Quinten"]
[Result "1-0"]
[WhiteElo "2067"]
[BlackElo "1805"]

1.e4 c5 2.Nf3 e6 3.d4 cxd4 4.Nxd4 Nc6 5.Nc3 Qc7 6.Be3 a6 7.Nxc6 bxc6 8.Bd3 Nf6
9.O-O d5 10.Qe2 Be7 11.Na4 O-O 12.Bb6 Qb8 13.c4 Nd7 14.Be3 Nf6 15.Nb6 Bb7
16.Nxa8 Qxa8 17.c5 e5 18.b4 a5 19.a3 dxe4 20.Bc4 Nd5 21.Rfc1 axb4 22.Bxd5 cxd5
23.axb4 Qe8 24.b5 d4 25.c6 Bxc6 26.bxc6 dxe3 27.Qxe3 f5 28.c7 Qd7 29.Qb3+ Kh8
30.Qb8 Qd6 31.Qxf8+ Bxf8 32.c8=Q  1-0

[Event "EY Boys U16 2012"]
[Site "Prague CZE"]
[Date "2012.08.17"]
[Round "1.24"]
[White "Hochshtad,Eyal"]
[Black "Mirzoev,E"]
[Result "0-1"]
[WhiteElo "1958"]
[BlackElo "2241"]

1.e4 c5 2.Nf3 e6 3.d4 cxd4 4.Nxd4 Nc6 5.Nc3 Qc7 6.Be3 a6 7.Be2 Nf6 8.O-O Be7
9.Qd2 O-O 10.f4 d6 11.Nxc6 bxc6 12.Kh1 Rd8 13.Bd3 Rb8 14.b3 d5 15.exd5 exd5
16.Bd4 Nd7 17.Qe2 Bf6 18.Bxf6 Nxf6 19.Bxa6 Re8 20.Qd3 Bxa6 21.Qxa6 Re3 22.Na4 Rbe8
23.Qb6 Qc8 24.Qd4 Qf5 25.Rac1 Ng4 26.h3 Qh5 27.Kg1 Rxh3 28.gxh3 Qxh3 29.Rf2 Qg3+
30.Kf1 Ne3+ 31.Qxe3 Qxe3 32.Rd1 Qh3+ 33.Kg1 Qg4+  0-1

[Event "LBV Open A 2012"]
[Site "Roosendaal NED"]
[Date "2012.08.17"]
[Round "2.7"]
[White "Haslinger,S"]
[Black "Muhren,B"]
[Result "1-0"]
[WhiteElo "2524"]
[BlackElo "2307"]

1.e4 c5 2.Nf3 e6 3.d4 cxd4 4.Nxd4 Nc6 5.Nc3 Qc7 6.Be3 a6 7.Be2 Nf6 8.a3 Be7
9.f4 d6 10.g4 Nd7 11.g5 b5 12.O-O Bb7 13.Bg4 Nxd4 14.Bxd4 O-O 15.f5 exf5
16.Bxf5 g6 17.Bxd7 Qxd7 18.Bf6 Rae8 19.Qf3 Bxf6 20.gxf6 Re5 21.Qf4 Qh3 22.Rad1 Rfe8
23.Rf3 Qh5 24.Rxd6 h6 25.Re3 g5 26.Qg3 a5 27.b4 axb4 28.axb4 Kh7 29.Rd8 R8e6
30.Rd7 Bxe4 31.Rd4 Qg6 32.Qe1 Qxf6 33.Rdxe4 Rxe4 34.Rxe4 Rc6 35.Nd5 Qf3 36.Qe2 Qh3
37.Re7 Kg8 38.Re3 Re6 39.Rxh3 Rxe2 40.Rxh6 Rd2 41.Ne7+ Kf8 42.Nf5 Ke8 43.Rb6 Rxc2
44.Rxb5 Kd7 45.Rb7+  1-0

[Event "LBV Open A 2012"]
[Site "Roosendaal NED"]
[Date "2012.08.17"]
[Round "3.30"]
[White "Haver,Bas"]
[Black "Both,B"]
[Result "1-0"]
[WhiteElo "2023"]
[BlackElo "2145"]

1.e4 c5 2.Nf3 e6 3.d4 cxd4 4.Nxd4 Nc6 5.Nc3 Qc7 6.Be2 a6 7.O-O Nf6 8.Be3 Bb4
9.Na4 Be7 10.c4 Nxe4 11.c5 d5 12.cxd6 Nxd6 13.Rc1 Nf5 14.Nxc6 bxc6 15.Bb6 Qd6
16.Qc2 O-O 17.Rfd1 Qe5 18.Bf3 Rb8 19.Bxc6 Rxb6 20.Nxb6 Nd4 21.Qe4  1-0

[Event "Husek Vienna Open A"]
[Site "Vienna AUT"]
[Date "2012.08.17"]
[Round "5"]
[White "Wittmann,W"]
[Black "Helmers,W"]
[Result "1-0"]
[WhiteElo "2245"]
[BlackElo "2119"]

1.e4 c5 2.Nf3 e6 3.d4 cxd4 4.Nxd4 Nc6 5.Nc3 Qc7 6.f4 Nxd4 7.Qxd4 a6 8.Be3 b5
9.Be2 Bb7 10.Bf3 h5 11.O-O Rc8 12.Rad1 Nf6 13.h3 h4 14.Rd2 Nh5 15.Rfd1 Bc6
16.Ne2 Be7 17.Bxh5 Rxh5 18.Qxg7 Bf8 19.Qg8 Qb7 20.e5 Bd5 21.f5 Rxf5 22.Bh6 Ke7
23.Bg5+ Ke8 24.Nf4 Rxe5 25.Ng6  1-0

[Event "Husek Vienna Open A"]
[Site "Vienna AUT"]
[Date "2012.08.17"]
[Round "5"]
[White "Schwab,Lukas"]
[Black "Dimitrijevic,R"]
[Result "0-1"]
[WhiteElo "1795"]
[BlackElo "2262"]

1.e4 c5 2.Nf3 Nc6 3.d4 cxd4 4.Nxd4 e6 5.Nc3 d6 6.Be3 Nf6 7.f3 Be7 8.Qd2 O-O
9.O-O-O d5 10.exd5 Nxd5 11.Nxd5 Qxd5 12.Nxc6 Qxc6 13.Qd4 b6 14.Qc4 Bb7 15.Qxc6 Bxc6
16.Bd3 Rac8 17.Rd2 Bd5 18.Kb1 Bf6 19.Re1 Rfd8 20.Bf4 Bb7 21.Be4 Bxe4 22.Rxe4 g5
23.Be3 Rxd2 24.Bxd2 Rd8 25.Re2 Kg7 26.c3 Kg6 27.Kc2 h5 28.g3 Be7 29.Re4 Rd6
30.Ra4 Rd7 31.Re4 Bd6 32.c4 e5 33.b4 f5 34.Re3 g4 35.fxg4 hxg4 36.Rd3 Rd8
37.c5 bxc5 38.bxc5 Be7 39.Rxd8 Bxd8 40.Kd3 Kf6 41.Kc4 Ke6 42.Bb4 a6 43.c6 f4
44.Kc5 Be7+ 45.Kb6 Bxb4 46.c7 Ba5+ 47.Kxa5 Kd7 48.Kb6 Kc8  0-1

[Event "11th Lichtenberger Sommer 2012"]
[Site "Berlin GER"]
[Date "2012.08.18"]
[Round "1.8"]
[White "Ziems,M"]
[Black "Wendt,J"]
[Result "0-1"]
[WhiteElo "1836"]
[BlackElo "2357"]

1.e4 c5 2.Nf3 e6 3.d4 cxd4 4.Nxd4 Nc6 5.Nc3 Nf6 6.Bg5 Bb4 7.Nb5 O-O 8.a3 Be7
9.Nd6 Qa5 10.Bd2 Bxd6 11.Nb5 Qa4 12.Nxd6 Nxe4 13.Bb5 Qd4 14.Nxe4 Qxe4+ 15.Kf1 d5
16.Bd3 Qh4 17.Qc1 e5 18.Bg5 Qh5 19.h3 f5 20.Be2 Qf7 21.Qd2 Be6 22.Re1 Rae8
23.Bb5 d4 24.b3 Bd5 25.f4 h6 26.Bh4 exf4 27.Rxe8 Rxe8 28.Qxf4 g5 29.Bxg5 hxg5
30.Qxg5+ Qg7 31.h4 Re3 32.c4 dxc3  0-1

[Event "TATA 14th IBCA Olympiad"]
[Site "Chennai IND"]
[Date "2012.08.18"]
[Round "8.4"]
[White "Clemente Llamero,R"]
[Black "Avram,V"]
[Result "1-0"]
[WhiteElo "2134"]
[BlackElo "2127"]

1.e4 c5 2.Nf3 e6 3.d4 cxd4 4.Nxd4 Nc6 5.Nc3 Qc7 6.Be3 a6 7.Qd2 Nf6 8.O-O-O Bb4
9.f3 Ne5 10.Bf4 Bxc3 11.Qxc3 Qxc3 12.bxc3 d6 13.Nb3 Ke7 14.c4 Nfd7 15.c5 dxc5
16.Nxc5 f6 17.Be3 b6 18.Na4 Rb8 19.Be2 Rd8 20.Rd2 b5 21.Nb2 Bb7 22.Rhd1 Rbc8
23.Kb1 Nf7 24.c4 Bc6 25.Rc1 b4 26.c5 Nb8 27.Nc4 Rc7 28.Rxd8 Nxd8 29.Nb6 Bb5
30.Bf4 Rb7 31.Bxb5 axb5 32.Bxb8 Rxb8 33.c6 Nxc6 34.Rxc6 Rd8 35.Rc2 Rb8 36.Nc8+ Kd7
37.Na7 Rb7 38.Nc6  1-0

[Event "e2e4 Gatwick Masters B 2012"]
[Site "Crawley ENG"]
[Date "2012.08.18"]
[Round "1.4"]
[White "Snape,I"]
[Black "Michielsen,J"]
[Result "0-1"]
[WhiteElo "2274"]
[BlackElo "2367"]

1.e4 c5 2.Nf3 e6 3.d4 cxd4 4.Nxd4 Nc6 5.Nc3 Qc7 6.Be3 a6 7.Qd2 Nf6 8.O-O-O Bb4
9.f3 O-O 10.g4 Ne5 11.Qe1 Bxc3 12.Qxc3 Qxc3 13.bxc3 d5 14.g5 Nh5 15.exd5 exd5
16.Nb3 Re8 17.Bb6 Nxf3 18.Bg2 Nxg5 19.Rxd5 f5 20.Rhd1 Nf4 21.Rd8 Kf7 22.Bh1 Rxd8
23.Rxd8 Nfe6 24.Rd5 Nf4 25.Rd8 Ne4 26.c4 Ne6 27.Rd5 g6 28.Bxe4 fxe4 29.Re5 Bd7
30.Na5 Bc6 31.Nxc6 bxc6 32.Rxe4 h5 33.Ba5 Re8 34.Bc3 Ng7 35.Rd4 Nf5 36.Rd7+ Re7
37.Rd8 Re2 38.Rd2 Rxd2 39.Kxd2 Ke6 40.Kd3 g5 41.Bd2 g4 42.Ke4 Nd6+ 43.Kf4 Nxc4
44.Bc3 Nd6 45.Bb4 Nf5 46.Kg5 g3 47.hxg3 Nxg3 48.Be1 Nf1 49.Kxh5 Ne3 50.c3 Kf5
51.Bf2 Nd1 52.Bd4 Ke4 53.Kg5 Kd3 54.Kf5 Nxc3 55.Ke5 Nxa2 56.Bc5 Kc4 57.Kd6 Nb4
58.Bb6 Kb5 59.Bd4 a5 60.Bb2 a4 61.Bg7 a3 62.Ke5 a2  0-1

[Event "EY Boys U14 2012"]
[Site "Prague CZE"]
[Date "2012.08.18"]
[Round "2.57"]
[White "Svoboda,Filip"]
[Black "Tuerlinckx,Ben"]
[Result "1/2-1/2"]
[WhiteElo "1706"]
[BlackElo "1938"]

1.e4 c5 2.Nf3 e6 3.d4 cxd4 4.Nxd4 Nc6 5.Nc3 Qc7 6.Ndb5 Qb8 7.Be3 a6 8.Nd4 Nf6
9.Bd3 Bb4 10.O-O O-O 11.a3 Be7 12.Qe2 b5 13.Rad1 Bb7 14.f3 Rc8 15.Qf2 Ne5
16.Be2 Nc4 17.Bxc4 Rxc4 18.Rd2 d5 19.exd5 Nxd5 20.Nxd5 Bxd5 21.c3 Bd6 22.Kh1 Bxh2
23.f4 e5 24.Kxh2 exd4 25.Bxd4 Qd6 26.Qh4 Rc6 27.Bxg7 Kxg7 28.Qg5+ Kh8 29.Rxd5 Qh6+
30.Qxh6 Rxh6+ 31.Kg3 Rg8+ 32.Kf3 Rhg6 33.Rg5 Rxg5 34.fxg5 Rxg5 35.Rd1 Rf5+
36.Ke3 Re5+ 37.Kf3 Re6 38.b3 Rf6+ 39.Ke3 Re6+ 40.Kf3 Rc6 41.Rc1 Rf6+  1/2-1/2

[Event "EY Boys U14 2012"]
[Site "Prague CZE"]
[Date "2012.08.18"]
[Round "2.12"]
[White "Petrov,Vl5"]
[Black "Khanin,S"]
[Result "1-0"]
[WhiteElo "1991"]
[BlackElo "2220"]

1.e4 c5 2.Nf3 e6 3.d4 cxd4 4.Nxd4 Nc6 5.Nc3 Qc7 6.a3 a6 7.Be2 Nf6 8.O-O Be7
9.Be3 O-O 10.f4 d6 11.Kh1 Bd7 12.Qe1 b5 13.Qg3 Nxd4 14.Bxd4 Bc6 15.Rae1 Qb7
16.Bd3 b4 17.axb4 Qxb4 18.Ne2 Qb7 19.e5 Nh5 20.Qh3 g6 21.Ng3 dxe5 22.Bxe5 Nxg3+
23.hxg3 Bb5 24.g4 Bxd3 25.cxd3 Rad8 26.g5 Qd5 27.Rf3 f6 28.Bc3 Rf7 29.Rxe6 Rd6
30.Rfe3 Bf8 31.Bxf6 Qc6 32.f5 gxf5 33.Qxf5 Qc1+ 34.Re1 Qd2 35.R6e3 Qxb2 36.Qh3 Qb7
37.g6 Rfd7 38.Rg3 h6 39.Be5 Rb6 40.Bf4 Rg7 41.Bxh6 Re7 42.Rxe7 Bxe7 43.Be3 Rb1+
44.Kh2 Bf6 45.Qe6+ Kg7 46.Bh6+ Kxh6 47.Qxf6  1-0

[Event "EY Boys U16 2012"]
[Site "Prague CZE"]
[Date "2012.08.18"]
[Round "2.4"]
[White "Haman,J"]
[Black "Bortnik,A"]
[Result "0-1"]
[WhiteElo "2137"]
[BlackElo "2365"]

1.e4 c5 2.Nf3 e6 3.d4 cxd4 4.Nxd4 Nc6 5.Nc3 Qc7 6.Be3 a6 7.Bd3 Nf6 8.O-O b5
9.Qe2 Bb7 10.Kh1 Ne5 11.f4 Nxd3 12.cxd3 b4 13.Na4 Qa5 14.b3 Be7 15.Rac1 O-O
16.Rc2 Rac8 17.Rfc1 Rxc2 18.Rxc2 g6 19.Kg1 Re8 20.h3 Nh5 21.g4 Nxf4 22.Bxf4 e5
23.Be3 exd4 24.Bxd4 Bc6 25.Nb6 Qg5 26.Qg2 Bf8 27.Rf2 Bc5 28.Bxc5 Qxc5 29.Nc4 d5
30.Qf3 f5 31.Nd2 dxe4 32.dxe4 Rd8 33.Nc4 Bxe4 34.Qe3 Rd1+ 35.Rf1 Rxf1+ 36.Kxf1 Qxe3
37.Nxe3 f4 38.Nc4 Bd3+  0-1